Excavaciones y puesta en valor de Tambomachay / (Record no. 13536)

000 -CABECERA
fixed length control field 00836nam a22002297a 4500
003 - IDENTIFICADOR DEL NÚMERO DE CONTROL
control field AR-CdUCM
008 - DATOS DE LONGITUD FIJA--INFORMACIÓN GENERAL
fixed length control field 190415b ||||| |||| 00| 0 spa d
040 ## - FUENTE DE LA CATALOGACIÓN
Agencia/entidad que catalogó originalmente la obra MUNICIPALIDAD PROVINCIAL DEL CUSCO
Entidad que transcribió la catalogación BIBLIOTECA MUNICIPAL DEL CUSCO
082 ## - NÚMERO DE LA CLASIFICACIÓN DECIMAL DEWEY
No. de Clasificación 913.8561 /
Notacion interna V21
100 ## - ENTRADA PRINCIPAL--NOMBRE DE PERSONA
Nombre Personal Valencia Zegarra, Alfredo.
245 ## - MENCIÓN DE TÍTULO
Título Excavaciones y puesta en valor de Tambomachay /
260 ## - PUBLICACIÓN, DISTRIBUCIÓN, ETC.
Lugar de publicación, distribución, etc. Cuzco :
Nombre de la editorial, distribuidor, etc. Instituto Departamental de Cultura,
Fecha de publicación, distribución, etc. 1990.
300 ## - DESCRIPCIÓN FÍSICA
Nº de Páginas Extensión 61 paginas ;
Dimensiones 28 cm.
505 ## - NOTA DE CONTENIDO CON FORMATO
Nota de contenido formateada Contenido : Las excavaciones arqueológicas de Tambomachay en 1974 -- La puesta en valor de Tambomachay 1975-77
650 ## - PUNTO DE ACCESO ADICIONAL DE MATERIA--TÉRMINO DE MATERIA
Descriptor Complejo aruqeologico
9 (RLIN) 31994
650 ## - PUNTO DE ACCESO ADICIONAL DE MATERIA--TÉRMINO DE MATERIA
Descriptor Tambomachay
9 (RLIN) 31995
650 ## - PUNTO DE ACCESO ADICIONAL DE MATERIA--TÉRMINO DE MATERIA
Descriptor Cusco
9 (RLIN) 772
700 ## - PUNTO DE ACCESO ADICIONAL--NOMBRE DE PERSONA
Nombre Personal Gibaja Oviedo, Arminda.
9 (RLIN) 29271
942 ## - ELEMENTOS DE PUNTO DE ACCESO ADICIONAL (KOHA)
Fuente de clasificación
Tipo de item Libros-BMC
945 ## - PROCESAMIENTO DE INFORMACIÓN LOCAL (OCLC)
Catalogador wnts
AAAA-MM-DD - Fecha de ingreso o modificacion 2019-04-15
Holdings
Estado de retiro (separado) Fuente de clasificación o esquema de estanterías Estado dañado Ubicación Sala donde se ubica Nombre de la colección Fecha de adquisición o compra Costo, precio normal en soles Signatura topográfica Código de Barras Última vez visto (Koha) Tipo de ítem (Koha)
No     Sala Humanidades Sala Humanidades Book Cart 2019-04-15 35.00 913.8561/V21 SH0000010764 2019-04-15 Libros-BMC
No     Sala Humanidades Sala Humanidades Book Cart 2019-04-15 35.00 913.8561 /V21/e.2 SH0000010765 2019-04-15 Libros-BMC

Powered by Koha